000 01272nac a22003971i 4500
003 EG-ScBUE
005 20241112110023.0
008 150824t2005 njua f d 001 0 eng d
020 _a9780131971059
020 _a0131971050
040 _aEG-Sc BUE
_beng
_erda
_cEG-Sc BUE
_dEG-ScBUE
082 0 4 _a519.5
_bBUS
_222
100 _a
245 0 0 _aBusiness statistics :
_ba decision-making approach /
_cDavid F. Groebner, Boise State University [and three others]
250 _aSixth edition.
250 _aInternational edition.
264 1 _aUpper Saddle Rive, NJ :
_bPearson Prentice Hall,
_c[2005]
264 4 _cc2005
300 _axxix, 808 pages :
_bcolor illustrations ;
_c29 cm +
_e1 CD
336 _2rdacontent
_atext
_btxt
336 _2rdacontent
_asounds
_bsnd
337 _aunmediated
_2rdamedia
_bn
337 _aaudio
_2rdamedia
_bs
338 _avolume
_bnc
_2rdacarrier
338 _acomputer disc
_bcd
_2rdacarrier
500 _aIncludes index.
500 _aIncludes glossary.
590 _adoha
650 7 _aCommercial statistics.
_2BUEsh
650 7 _aStatistical decision.
_2BUEsh
651 _2BUEsh
653 _bBUSADM
_bBUSECO
_cAugust2015
655 _vReading book
700 1 _aGroebner,David F.,
_eauthor.
942 _cBB
_2ddc
999 _c6680
_d6680